000 00286nam a22001337a 4500
008 180105b xxu||||| |||| 00| 0 eng d
020 _a60970
041 _aeng
080 _a341
100 _a13
101 _aSHJ
245 _aTheories of Counseling
_cJohnson, W.F
942 _2udc
_cBK
999 _c39808
_d39808